| 000 | 00575nam a22002057a 4500 | ||
|---|---|---|---|
| 003 | OSt | ||
| 005 | 20240115124029.0 | ||
| 008 | 150414b xxu||||| |||| 00| 0 eng d | ||
| 020 | _a0340762861 | ||
| 040 | _cDNLM | ||
| 082 | _aWG 113C19r 2001. | ||
| 245 | _a Cardiovascular Medicine :Practice and Management. | ||
| 260 |
_aLondon: _bArnold, _c2001 |
||
| 300 |
_aix, 825p: _bill; _c27 cm |
||
| 504 | _aIncludes references and index | ||
| 650 |
_aCardiovascular system _95636 |
||
| 650 |
_aAnaesthesia _913084 |
||
| 700 |
_aEdited by Coriat Pierre _93747 |
||
| 942 |
_2z _cO_SHELF |
||
| 999 |
_c8259 _d8259 |
||